| 000 | 00495 a2200193 4500 | ||
|---|---|---|---|
| 999 |
_c12167 _d12167 |
||
| 003 | OSt | ||
| 005 | 20231117160635.0 | ||
| 008 | 231117b ||||| |||| 00| 0 eng d | ||
| 020 | _a9781908758132 | ||
| 040 | _aBMSCA | ||
| 041 | _aeng | ||
| 082 |
_a307.121 _bLIX |
||
| 100 | _aLixiao | ||
| 245 |
_aUrban Environment Design 001 2014/04 _bLi Xinggang 2004-2013: Geometry And Sheng Jing |
||
| 260 |
_bNUPM, _c2013. |
||
| 300 |
_aXI,224p.: _c22cm. |
||
| 650 | _2Urban Environment | ||
| 942 | _2ddc | ||